000 00280nam a22001217a 4500
008 180315b xxu||||| |||| 00| 0 eng d
041 _aeng
080 _23rd
_a334.7
100 _a55
101 _aMF
245 _aFinancial management core concepts
_cBrooks,R.M
942 _2udc
_cBK
999 _c45132
_d45132